LIBRARY & INFORMATION CENTRE, KCAET, TAVANUR

ONLINE PUBLIC ACCESS CATALOGUE (OPAC)

Water resources systems planning and management (Record no. 15354)

MARC details
000 -LEADER
fixed length control field 00325nam a22001337a 4500
020 ## - INTERNATIONAL STANDARD BOOK NUMBER
ISBN 9788131205914
082 ## - DEWEY DECIMAL CLASSIFICATION NUMBER
Classification number 551.48
Item number JAI/WA
100 ## - MAIN ENTRY--AUTHOR NAME
Personal name Jain, S. K
245 ## - TITLE STATEMENT
Title Water resources systems planning and management
260 ## - PUBLICATION, DISTRIBUTION, ETC. (IMPRINT)
Place of publication India
Name of publisher Elsevier
Year of publication 2006
300 ## - PHYSICAL DESCRIPTION
Number of Pages 858
700 ## - ADDED ENTRY--PERSONAL NAME
Personal name Singh, V. P
942 ## - ADDED ENTRY ELEMENTS (KOHA)
Koha item type Reference
Holdings
Withdrawn status Lost status Damaged status Collection code Home library Current library Shelving location Date acquired Cost, normal purchase price Full call number Accession Number Koha item type
      Reference KAUAET KAUAET Reference 17/03/2018 2300.00 551.48 JAI/WA 24460 Reference
free website counter